00414cam a2200157ua 45000010005000000080039000050400009000440820014000531000038000672450053001052500009001582600039001673000016002066530013002226530021002352446110817n ii |||gr||||Z||||||asm cMAIN a398.091451 aBardoloi, Bulan Chandra,eAuthor.1 aKarbi jatir itibrittacby Bulan Chandra Bardaloi a1st. aKarbi anglong:bKiran prakash,982. a48p:c23cm. aFolklore aAssamese culture